[Event "Harrogate 4NCL op-B 21st"]
[Site "Harrogate"]
[Date "2019.01.20"]
[Round "4"]
[White "Millar, Greg F"]
[Black "Ormerod, Stephen"]
[Result "0-1"]
[WhiteElo "1742"]
[BlackElo "1885"]
[PlyCount "52"]
[EventDate "2019.01.18"]
[EventType "swiss"]
[EventRounds "5"]
[EventCountry "ENG"]
[SourceTitle "CBM 188 Extra"]
[Source "ChessBase"]
[SourceDate "2019.02.26"]
[SourceVersion "1"]
[SourceVersionDate "2019.02.26"]
[SourceQuality "1"]

1. Nf3 Nf6 2. g3 d5 3. d4 e6 4. Bg2 c5 5. 0-0 Nc6 6. c4 Be7 7. Nc3 0-0 8. b3 dxc4 9. Ba3 cxd4 10. Bxe7 Qxe7 11. Nxd4 Nxd4 12. Qxd4 cxb3 13. axb3 Rd8 14. Qc4 a6 15. Qh4 Rb8 16. Rfd1 Rxd1+ 17. Rxd1 Bd7 18. Ne4 Bc6 19. Qf4 Rc8 20. Nd6 Rd8 21. Bxc6 bxc6 22. e4 e5 23. Qd2 Nxe4 24. Nf5 Nxd2 25. Nxe7+ Kf8 26. Rxd2 Rxd2 0-1

[Event "Harrogate 4NCL op-B 21st"]
[Site "Harrogate"]
[Date "2019.01.19"]
[Round "3"]
[White "Horkan, Stanley"]
[Black "Millar, Greg F"]
[Result "1/2-1/2"]
[WhiteElo "1848"]
[BlackElo "1742"]
[PlyCount "81"]
[EventDate "2019.01.18"]
[EventType "swiss"]
[EventRounds "5"]
[EventCountry "ENG"]
[SourceTitle "CBM 188 Extra"]
[Source "ChessBase"]
[SourceDate "2019.02.26"]
[SourceVersion "1"]
[SourceVersionDate "2019.02.26"]
[SourceQuality "1"]

1. d4 Nf6 2. Nf3 d5 3. e3 g6 4. Bd3 Bg7 5. Ne5 0-0 6. Nd2 Nbd7 7. f4 c5 8. 0-0 Qb6 9. c3 cxd4 10. cxd4 Ne8 11. Kh1 f5 12. a4 Nd6 13. a5 Qc7 14. b3 b6 15. Bb2 bxa5 16. Rc1 Qd8 17. Nc6 Qe8 18. Nxa5 Nf6 19. Rf3 Bd7 20. b4 Bb5 21. Ndb3 Ba4 22. Bc2 Qb5 23. Ba3 Bxb3 24. Bxb3 Rfc8 25. Rc5 Rxc5 26. dxc5 Nc4 27. Nxc4 dxc4 28. Qe2 Qd7 29. Bxc4+ Kh8 30. Bb5 Qc7 31. Rf1 a5 32. Rd1 axb4 33. Bxb4 Ne4 34. Bd3 Ra4 35. Bxe4 Rxb4 36. Qd2 Rxe4 37. Qd8+ Qxd8 38. Rxd8+ Bf8 39. Rxf8+ Kg7 40. Rd8 Rxe3 41. h3 1/2-1/2